[Event "Thüringenliga 2014/2015"]
[Site "?"]
[Date "2015.03.22"]
[Round "8"]
[White "Zeidler, Andreas"]
[Black "Schneider, Christian"]
[Result "0-1"]
[WhiteElo "2163"]
[BlackElo "2198"]
[PlyCount "68"]
[EventDate "2015.??.??"]
[WhiteTeam "SV 1861 Liebschwitz"]
[BlackTeam "SG Blau-Weiß Stadtilm"]

1. d4 Nf6 2. c4 e6 3. Nf3 Bb4+ 4. Bd2 c5 5. Bxb4 cxb4 6. Nbd2 O-O 7. e4 d6 8.
Bd3 e5 9. O-O Nbd7 10. a3 bxa3 11. Rxa3 Qb6 12. Rb3 Qc7 13. Qc2 b6 14. Ra3 Bb7
15. Nb1 Rfe8 16. Nc3 a6 17. Kh1 Rac8 18. d5 Nc5 19. Be2 a5 20. Nh4 Qd8 21. Nf5
g6 22. Ne3 b5 23. Nxb5 Ncxe4 24. f3 Nc5 25. Rfa1 a4 26. Nc3 Qb6 27. Ned1 Nb3
28. Rb1 Nd4 29. Qd3 Ba6 30. Rxa4 Nd7 31. b3 Nc5 32. Qe3 Nxa4 33. Nxa4 Qb4 34.
Ndc3 f5 {ZÜ} 0-1

[Event "Thüringenliga 2014/2015"]
[Site "?"]
[Date "2015.03.22"]
[Round "8"]
[White "Siebarth, Marco"]
[Black "Gerhardt, Frank"]
[Result "1-0"]
[WhiteElo "1960"]
[BlackElo "2022"]
[PlyCount "64"]
[EventDate "2015.??.??"]
[WhiteTeam "SG Blau-Weiß Stadtilm"]
[BlackTeam "SV 1861 Liebschwitz"]

1. e4 c5 2. Nf3 Nc6 3. d4 cxd4 4. Nxd4 Nf6 5. Nc3 e5 6. Ndb5 d6 7. Bg5 a6 8.
Na3 b5 9. Nd5 Be7 10. Bxf6 Bxf6 11. c4 b4 12. Nc2 O-O 13. Be2 a5 14. O-O Bg5
15. Qd3 Be6 16. Rfd1 Rb8 17. Nde3 Qb6 18. b3 Rfd8 19. Nd5 Qb7 20. Qg3 Be7 21.
Bg4 Bf8 22. Rd3 Qc8 23. h3 Qb7 24. Rad1 a4 25. Qe3 Rdc8 26. Qd2 g6 27. Rf3 Rd8
28. Qg5 Bxd5 29. exd5 Qe7 30. Qd2 Na7 31. Rg3 Bg7 32. Nxb4 f5 {ZÜ} 1-0

[Event "Thüringenliga 2014/2015"]
[Site "?"]
[Date "2015.03.22"]
[Round "8"]
[White "Kastner, Peter"]
[Black "George, Tom"]
[Result "1/2-1/2"]
[WhiteElo "1974"]
[BlackElo "1884"]
[PlyCount "39"]
[EventDate "2015.??.??"]
[WhiteTeam "SV 1861 Liebschwitz"]
[BlackTeam "SG Blau-Weiß Stadtilm"]

1. e4 c5 2. Nf3 d6 3. Bb5+ Nd7 4. c3 a6 5. Ba4 b5 6. Bc2 e6 7. O-O Ne7 8. d4
cxd4 9. cxd4 Ng6 10. Re1 Be7 11. Nbd2 Bb7 12. Nf1 O-O 13. Ng3 Rc8 14. Bd2 Qb6
15. Be3 d5 16. e5 Rc6 17. Qd2 Rfc8 18. Bd3 a5 19. Rec1 b4 20. Rxc6 1/2-1/2

[Event "Thüringenliga 2014/2015"]
[Site "?"]
[Date "2015.03.22"]
[Round "8"]
[White "Berner, Stephan"]
[Black "Biel, Maik"]
[Result "0-1"]
[WhiteElo "1870"]
[BlackElo "1939"]
[PlyCount "140"]
[EventDate "2015.??.??"]
[WhiteTeam "SG Blau-Weiß Stadtilm"]
[BlackTeam "SV 1861 Liebschwitz"]

1. e4 c5 2. Nc3 e6 3. f4 a6 4. Nf3 b5 5. d3 Bb7 6. g3 Nc6 7. Bg2 d6 8. O-O Nf6
9. Kh1 Be7 10. e5 Nd7 11. exd6 Bxd6 12. Ne4 Be7 13. Be3 O-O 14. Qe2 Qc7 15. a3
Rac8 16. Nfg5 Nd4 17. Qf2 Nf5 18. Bd2 h6 19. Nf3 Nf6 20. Ne5 Nd4 21. Be3 Nf5
22. Bd2 Nd4 23. Be3 Nd5 24. Bxd4 cxd4 25. Rac1 Ne3 26. Bf3 Nxf1 27. Qxf1 f5 28.
Nd2 Bf6 29. Qg2 Bxf3 30. Ndxf3 Qd6 31. Qf2 Rfd8 32. Re1 Qd5 33. Kg1 Qa2 34.
Nxd4 Bxe5 35. fxe5 Qxb2 36. Nxe6 Re8 37. Nd4 Rcd8 38. Nc6 Rd5 39. d4 Qc3 40.
Nb4 Rxd4 41. Nd3 Re4 42. Rf1 Rf8 43. Qb6 Qxc2 44. Qe6+ Kh8 45. Nf4 Qc5+ 46. Kg2
Rxf4 47. Rxf4 Qc2+ 48. Kh3 a5 49. Rh4 Qc1 50. Rf4 Qc2 51. Qg6 Qd3 52. Qd6 Qxd6
53. exd6 g6 54. Rd4 Rd8 55. Kg2 Kg7 56. Rd5 b4 57. Rxa5 bxa3 58. Rxa3 Rxd6 59.
h4 g5 60. hxg5 hxg5 61. Kf3 Kg6 62. Rc3 Rb6 63. Rd3 Rb2 64. Rd6+ Kh5 65. Rd3
g4+ 66. Kf4 Rf2+ 67. Ke5 Kg5 68. Kd4 f4 69. gxf4+ Kxf4 70. Kc3 Rf3 0-1

[Event "Thüringenliga 2014/2015"]
[Site "?"]
[Date "2015.03.22"]
[Round "8"]
[White "Birke, Andreas"]
[Black "Kinzel, Tiffany"]
[Result "1-0"]
[WhiteElo "2100"]
[BlackElo "1832"]
[PlyCount "67"]
[EventDate "2015.??.??"]
[WhiteTeam "SV 1861 Liebschwitz"]
[BlackTeam "SG Blau-Weiß Stadtilm"]

1. Nf3 c5 2. b3 Nf6 3. Bb2 e6 4. e3 d5 5. Be2 Be7 6. O-O a6 7. c4 Nc6 8. d4 b6
9. Nc3 O-O 10. Rc1 Bb7 11. cxd5 exd5 12. dxc5 bxc5 13. Na4 Ne4 14. Nd2 Qa5 15.
Nxe4 dxe4 16. Bc4 Qc7 17. Bd5 Rad8 18. Nxc5 Bxc5 19. Rxc5 Qd7 20. Qc1 Nb4 21.
Qc3 Qg4 22. Bxb7 Nd3 23. f3 exf3 24. Bxf3 Qg6 25. Be4 Qh6 26. Bxd3 Qxe3+ 27.
Kh1 Qh6 28. Bc4 Qg6 29. h3 Rde8 30. Rc6 Qg5 31. Qf3 Qe7 32. Qg4 g6 33. Qd4 Qe5
34. Qxe5 1-0

[Event "Thüringenliga 2014/2015"]
[Site "?"]
[Date "2015.03.22"]
[Round "8"]
[White "Schröter, Maik"]
[Black "Müller, Gunther"]
[Result "1/2-1/2"]
[WhiteElo "1842"]
[BlackElo "1800"]
[PlyCount "32"]
[EventDate "2015.??.??"]
[WhiteTeam "SG Blau-Weiß Stadtilm"]
[BlackTeam "SV 1861 Liebschwitz"]

1. e4 c5 2. Nf3 d6 3. d4 cxd4 4. Nxd4 Nf6 5. Nc3 a6 6. Bg5 e6 7. Qd2 Be7 8.
O-O-O O-O 9. Nb3 b5 10. Bxf6 gxf6 11. Qh6 Kh8 12. h4 Rg8 13. f3 Nd7 14. g4 Bb7
15. Qe3 Rc8 16. Bd3 Ne5 1/2-1/2

[Event "Thüringenliga 2014/2015"]
[Site "?"]
[Date "2015.03.22"]
[Round "8"]
[White "Meissner, Steffen"]
[Black "Dittrich, Tom"]
[Result "1-0"]
[WhiteElo "1755"]
[BlackElo "1656"]
[PlyCount "117"]
[EventDate "2015.??.??"]
[WhiteTeam "SV 1861 Liebschwitz"]
[BlackTeam "SG Blau-Weiß Stadtilm"]

1. e4 c5 2. f4 Nc6 3. Nf3 g6 4. Bb5 Bg7 5. Bxc6 bxc6 6. O-O d5 7. e5 e6 8. d3
Qb6 9. Kh1 Ba6 10. Nbd2 Nh6 11. Qe1 Nf5 12. c4 O-O 13. b3 Nd4 14. Qd1 Rfd8 15.
Nxd4 cxd4 16. Qe1 c5 17. Nf3 dxc4 18. bxc4 Bb7 19. Bd2 Qc6 20. Qg3 Rf8 21. Ng5
f5 22. Rab1 Rfe8 23. Rb2 Rac8 24. Rfb1 Ba8 25. Be1 h6 26. Nf3 Kf7 27. Nh4 g5
28. fxg5 hxg5 29. Qxg5 Bxe5 30. Qh5+ Kf6 31. Nf3 Qc7 32. Nxe5 Qxe5 33. Bg3 Qe3
34. Re1 Qxg3 35. hxg3 Rh8 36. Qxh8+ Rxh8+ 37. Kg1 e5 38. Rb5 Rc8 39. Reb1 e4
40. dxe4 fxe4 41. Rb8 Rxb8 42. Rxb8 Bc6 43. Rc8 Bd7 44. Rxc5 Be6 45. Kf2 e3+
46. Ke2 Bg4+ 47. Kd3 e2 48. Kd2 d3 49. Rd5 Bf5 50. c5 Be4 51. Rd4 Bxg2 52. Rxd3
Bf1 53. Re3 e1=Q+ 54. Rxe1 Bb5 55. Kc3 Kg5 56. Kb4 a6 57. Ka5 Kg4 58. Re3 Kf5
59. Kb6 1-0

[Event "Thüringenliga 2014/2015"]
[Site "?"]
[Date "2015.03.22"]
[Round "8"]
[White "Krüger, Rainer"]
[Black "Wegerich, Michael"]
[Result "1-0"]
[WhiteElo "2071"]
[BlackElo "1945"]
[PlyCount "41"]
[EventDate "2015.??.??"]
[WhiteTeam "ESV Lok Sömmerda"]
[BlackTeam "SV Ammern"]

1. Nf3 d5 2. c4 e6 3. d4 Nf6 4. g3 c6 5. Bg2 Bb4+ 6. Bd2 Bxd2+ 7. Qxd2 Ne4 8.
Qd3 Qa5+ 9. Nc3 Nd7 10. O-O Ndf6 11. Ne5 Nxc3 12. bxc3 Nd7 13. f4 f5 14. cxd5
cxd5 15. c4 O-O 16. Rfc1 Nxe5 17. fxe5 dxc4 18. Rxc4 Rd8 19. Qb3 Rb8 20. Rac1
b5 21. Rxc8 1-0

[Event "Thüringenliga 2014/2015"]
[Site "?"]
[Date "2015.03.22"]
[Round "8"]
[White "Schorch, Rüdiger"]
[Black "Kalisch, Michael"]
[Result "0-1"]
[WhiteElo "1882"]
[BlackElo "1969"]
[PlyCount "76"]
[EventDate "2015.??.??"]
[WhiteTeam "SV Ammern"]
[BlackTeam "ESV Lok Sömmerda"]

1. d4 d5 2. c4 e6 3. Nf3 Nf6 4. Nc3 Be7 5. Bf4 O-O 6. e3 a6 7. Qc2 Nbd7 8. a3
c6 9. Bd3 dxc4 10. Bxc4 b5 11. Ba2 c5 12. Rd1 c4 13. O-O Qb6 14. Bb1 Rd8 15. e4
Nf8 16. Bg5 Qc7 17. d5 Bb7 18. dxe6 fxe6 19. Qe2 Qc5 20. Be3 Qh5 21. h3 Rxd1
22. Rxd1 a5 23. a4 b4 24. Nb5 Nxe4 25. Qxc4 Rc8 26. Qf1 Nc5 27. g4 Qe8 28. Ne5
Nxa4 29. Nd6 Bxd6 30. Rxd6 Nxb2 31. Qe2 Qe7 32. Rd4 Na4 33. Bd2 Nc3 34. Bxc3
Rxc3 35. Kh2 Qc5 36. Rf4 Rc1 37. Rxf8+ Qxf8 38. Ba2 Qf4# 0-1

[Event "Thüringenliga 2014/2015"]
[Site "?"]
[Date "2015.03.22"]
[Round "8"]
[White "Kühn, Martin"]
[Black "Kampfhenkel, Ulrich"]
[Result "1-0"]
[WhiteElo "1912"]
[BlackElo "1934"]
[PlyCount "73"]
[EventDate "2015.??.??"]
[WhiteTeam "ESV Lok Sömmerda"]
[BlackTeam "SV Ammern"]

1. d4 Nf6 2. c4 e6 3. Nf3 b6 4. e3 Bb7 5. Bd3 Bb4+ 6. Bd2 Bxd2+ 7. Nbxd2 d5 8.
O-O O-O 9. Re1 Ne4 10. Rc1 Nxd2 11. Nxd2 dxc4 12. Nxc4 Qg5 13. e4 Nc6 14. Re3
Nxd4 15. Rg3 Qf4 16. Rg4 Qh6 17. f4 Rad8 18. Qe1 Nf3+ 19. gxf3 Rxd3 20. Ne5 Rd6
21. Rxc7 Ba8 22. Rxa7 Qf6 23. Nxf7 Qd4+ 24. Qf2 Qd1+ 25. Qf1 Qd4+ 26. Kh1 Rxf7
27. Rxa8+ Rf8 28. Rxf8+ Kxf8 29. Rg2 Qe3 30. f5 exf5 31. exf5 Rc6 32. Re2 Qf4
33. Re4 Qxf5 34. Qd1 Qc8 35. Rf4+ Kg8 36. Qd5+ Kh8 37. Qxc6 1-0

[Event "Thüringenliga 2014/2015"]
[Site "?"]
[Date "2015.03.22"]
[Round "8"]
[White "Dawydow, Alexej"]
[Black "Siegemund, Joachim"]
[Result "1/2-1/2"]
[WhiteElo "1948"]
[BlackElo "1993"]
[PlyCount "69"]
[EventDate "2015.??.??"]
[WhiteTeam "SV Ammern"]
[BlackTeam "ESV Lok Sömmerda"]

1. e4 e6 2. d4 d5 3. Nc3 Bb4 4. e5 c5 5. a3 Bxc3+ 6. bxc3 Ne7 7. Qg4 O-O 8. Bd3
Nbc6 9. Nf3 f5 10. exf6 Rxf6 11. Bg5 Rf7 12. Bxe7 Rxe7 13. Qh4 h6 14. O-O c4
15. Bg6 Bd7 16. Qg3 Be8 17. Rfe1 Bxg6 18. Qxg6 Qe8 19. Qg3 Qb8 20. Qh3 Qd6 21.
Ne5 Nxe5 22. Rxe5 Rf8 23. a4 b6 24. Rae1 Rf6 25. Qg4 Qa3 26. Kf1 Qxa4 27. Rxd5
Qxc2 28. Rd8+ Kh7 29. Qe4+ Qxe4 30. Rxe4 Rc7 31. Rd6 Kg6 32. Rexe6 Rxe6 33.
Rxe6+ Kf7 34. Rd6 Ke7 35. Rg6 1/2-1/2

[Event "Thüringenliga 2014/2015"]
[Site "?"]
[Date "2015.03.22"]
[Round "8"]
[White "Koksch, Robert"]
[Black "Breuer, Harald"]
[Result "1/2-1/2"]
[WhiteElo "1913"]
[BlackElo "1850"]
[PlyCount "34"]
[EventDate "2015.??.??"]
[WhiteTeam "ESV Lok Sömmerda"]
[BlackTeam "SV Ammern"]

1. d4 Nf6 2. c4 g6 3. Nc3 d5 4. Bf4 Bg7 5. e3 O-O 6. Be2 dxc4 7. Bxc4 c5 8. d5
a6 9. a4 Qa5 10. Nge2 Rd8 11. O-O Nc6 12. Qb3 Nb4 13. h3 Bf5 14. Rfc1 Bd3 15.
Bxd3 Nxd3 16. Rd1 Nxf4 17. Nxf4 Qc7 1/2-1/2

[Event "Thüringenliga 2014/2015"]
[Site "?"]
[Date "2015.03.22"]
[Round "8"]
[White "Salaske, Peter"]
[Black "Kirste, Olaf"]
[Result "1/2-1/2"]
[WhiteElo "1844"]
[BlackElo "1889"]
[PlyCount "21"]
[EventDate "2015.??.??"]
[WhiteTeam "SV Ammern"]
[BlackTeam "ESV Lok Sömmerda"]

1. e4 c5 2. Nf3 e6 3. d4 cxd4 4. Nxd4 Nf6 5. Nc3 d6 6. Bg5 a6 7. f4 Be7 8. Qf3
Qc7 9. O-O-O Nbd7 10. Bd3 Rb8 11. Rhe1 1/2-1/2

[Event "Thüringenliga 2014/2015"]
[Site "?"]
[Date "2015.03.22"]
[Round "8"]
[White "Severino, Leonardo"]
[Black "Kurze, Christoph"]
[Result "1-0"]
[WhiteElo "1687"]
[BlackElo "1801"]
[PlyCount "62"]
[EventDate "2015.??.??"]
[WhiteTeam "ESV Lok Sömmerda"]
[BlackTeam "SV Ammern"]

1. e4 e6 2. Nf3 d5 3. e5 c5 4. b4 cxb4 5. d4 Nc6 6. a3 f6 7. Bd3 Qc7 8. Qe2
bxa3 9. c3 Nge7 10. O-O a6 11. Nxa3 Ra7 12. Re1 f5 13. c4 g6 14. Be3 Kf7 15.
Rec1 Qd7 16. Qd2 dxc4 17. Bxc4 Nd5 18. Ng5+ Kg7 19. h4 Bxa3 20. Rxa3 b5 21.
Bxd5 Qxd5 22. Rc5 Qd7 23. Rac3 Ne7 24. d5 b4 25. Rc1 Rd8 26. Nxe6+ Qxe6 27.
dxe6 Rxd2 28. Bxd2 Bxe6 29. Rc7 Rxc7 30. Rxc7 b3 31. Rxe7+ Bf7 1-0

[Event "Thüringenliga 2014/2015"]
[Site "?"]
[Date "2015.03.22"]
[Round "8"]
[White "Hentrich, Jörg"]
[Black "Berger, Nils"]
[Result "0-1"]
[WhiteElo "1755"]
[BlackElo "1637"]
[PlyCount "28"]
[EventDate "2015.??.??"]
[WhiteTeam "SV Ammern"]
[BlackTeam "ESV Lok Sömmerda"]

1. e4 e6 2. d4 d5 3. Nc3 Nf6 4. Bg5 Be7 5. e5 Nfd7 6. Bxe7 Qxe7 7. f4 O-O 8.
Nf3 c5 9. Be2 Nc6 10. O-O f6 11. f5 cxd4 12. fxe6 Ndxe5 13. Nxd4 Qc5 14. Bb5
Nxd4 0-1

[Event "Thüringenliga 2014/2015"]
[Site "?"]
[Date "2015.03.22"]
[Round "8"]
[White "Pähtz, Thomas"]
[Black "Darr, Sascha"]
[Result "1-0"]
[WhiteElo "2322"]
[BlackElo "2105"]
[PlyCount "77"]
[EventDate "2015.??.??"]
[WhiteTeam "Ilmenauer SV"]
[BlackTeam "SV Jenapharm Jena"]

1. e4 e5 2. Bc4 Nf6 3. d3 Nc6 4. Nf3 Bc5 5. O-O d6 6. c3 Qe7 7. b4 Bb6 8. Nbd2
h6 9. Bb3 a6 10. Nc4 Ba7 11. a4 O-O 12. Ne3 Be6 13. Nd5 Bxd5 14. exd5 Nb8 15.
Nh4 Qd7 16. h3 a5 17. b5 Nh7 18. d4 Qd8 19. Nf5 Kh8 20. dxe5 dxe5 21. Ba3 Re8
22. d6 Qf6 23. d7 Rd8 24. Be7 Qxf5 25. Bxd8 Nxd7 26. Bc2 Qe6 27. Bxc7 Bc5 28.
Qd3 Nhf6 29. Rad1 e4 30. Qg3 Nd5 31. Bb3 N7f6 32. Be5 Rd8 33. Bxf6 gxf6 34. c4
Rg8 35. cxd5 Rxg3 36. dxe6 Rxb3 37. Rd8+ Kg7 38. Rd7 b6 39. e7 1-0

[Event "Thüringenliga 2014/2015"]
[Site "?"]
[Date "2015.03.22"]
[Round "8"]
[White "Wicklein, Stefan"]
[Black "Mehlhorn, Uwe"]
[Result "1/2-1/2"]
[WhiteElo "1972"]
[BlackElo "2095"]
[PlyCount "31"]
[EventDate "2015.??.??"]
[WhiteTeam "SV Jenapharm Jena"]
[BlackTeam "Ilmenauer SV"]

1. d4 c5 2. e3 e6 3. Nf3 Nf6 4. c4 Be7 5. Nc3 O-O 6. Bd3 d6 7. O-O Nbd7 8. b3
b6 9. e4 cxd4 10. Nxd4 Bb7 11. Qe2 a6 12. f4 Qc7 13. Bb2 Qc5 14. Na4 Qc7 15.
Rad1 Nc5 16. Nxc5 1/2-1/2

[Event "Thüringenliga 2014/2015"]
[Site "?"]
[Date "2015.03.22"]
[Round "8"]
[White "Töpfer, Albrecht"]
[Black "August, Daniel"]
[Result "1/2-1/2"]
[WhiteElo "1984"]
[BlackElo "2011"]
[PlyCount "90"]
[EventDate "2015.??.??"]
[WhiteTeam "Ilmenauer SV"]
[BlackTeam "SV Jenapharm Jena"]

1. c4 e5 2. g3 Nc6 3. Bg2 Bc5 4. Nc3 Nf6 5. Nf3 O-O 6. O-O d6 7. d3 h6 8. a3 a5
9. b3 Bf5 10. h3 Qd7 11. Kh2 Rae8 12. Bb2 Bh7 13. Nd2 Nd8 14. e4 Bg6 15. f4
exf4 16. gxf4 Bh5 17. Qe1 Bd4 18. Bf3 Ne6 19. Bg2 Nc5 20. Qg3 Bg6 21. Na4 Bxb2
22. Nxb2 Nh5 23. Qg4 Nf6 24. Qxd7 Nfxd7 25. b4 axb4 26. axb4 Na6 27. f5 Bh5 28.
Ra4 Nb6 29. Ra5 Nxb4 30. f6 g6 31. Rf2 Nc6 32. Ra3 Ra8 33. Nb1 Nd7 34. Na4 Nde5
35. Rb2 b6 36. Bf1 Nd4 37. Nac3 Nd7 38. Nd5 Rxa3 39. Nxa3 Ra8 40. Nb5 Nxb5 41.
cxb5 Ra1 42. Kg2 Rc1 43. Kf2 Nf8 44. Nf4 Nd7 45. Nd5 Nf8 1/2-1/2

[Event "Thüringenliga 2014/2015"]
[Site "?"]
[Date "2015.03.22"]
[Round "8"]
[White "Sukaylo, Aleksey"]
[Black "Zipfel, Frank"]
[Result "0-1"]
[WhiteElo "2011"]
[BlackElo "1978"]
[PlyCount "124"]
[EventDate "2015.??.??"]
[WhiteTeam "Ilmenauer SV"]
[BlackTeam "SV Jenapharm Jena"]

1. e4 d5 2. exd5 Qxd5 3. Nc3 Qa5 4. d4 c6 5. Bc4 Nf6 6. Bd2 Bg4 7. f3 Bf5 8. g4
Bg6 9. Qe2 Qc7 10. O-O-O e6 11. Nh3 Nbd7 12. Bxe6 fxe6 13. Qxe6+ Kd8 14. Bf4
Qb6 15. Ng5 Bb4 16. Na4 Qa5 17. Qb3 Nd5 18. Ne6+ Kc8 19. a3 Be7 20. Bg3 b5 21.
Nac5 Nxc5 22. dxc5 Bf7 23. Rhe1 b4 24. Rxd5 bxa3 25. bxa3 cxd5 26. Qxd5 Qxa3+
27. Kd2 Rd8 28. Bd6 Rxd6 29. cxd6 Qxd6 30. Qxd6 Bxd6 31. Nxg7 Kd7 32. Nf5 Bf4+
33. Kd3 Bg6 34. Re7+ Kc6 35. Ke4 Bxh2 36. Kd4 a5 37. Re2 Bg1+ 38. Kc3 Bxf5 39.
gxf5 Rd8 40. Rg2 Bd4+ 41. Kb3 h5 42. Ka4 Kb6 43. Rg6+ Kc5 44. f6 Kc4 45. f7 Rf8
46. Rc6+ Bc5 47. Rf6 Bb4 48. Rc6+ Kd4 49. Rf6 Kc3 50. Rc6+ Kd2 51. Rh6 Kxc2 52.
Rxh5 Rxf7 53. Rh2+ Kd3 54. Ra2 Rxf3 55. Kb5 Kc3 56. Ka4 Kc4 57. Ra1 Rf2 58.
Rc1+ Bc3 59. Ka3 Re2 60. Rf1 Kb5 61. Kb3 Re3 62. Rf8 Bb4+ 0-1

[Event "Thüringenliga 2014/2015"]
[Site "?"]
[Date "2015.03.22"]
[Round "8"]
[White "Mißbach, Bernd"]
[Black "Falk, Kristoffer"]
[Result "0-1"]
[WhiteElo "1964"]
[BlackElo "1826"]
[PlyCount "104"]
[EventDate "2015.??.??"]
[WhiteTeam "SV Jenapharm Jena"]
[BlackTeam "Ilmenauer SV"]

1. Nf3 f5 2. g3 Nf6 3. Bg2 d6 4. d4 e6 5. c4 Be7 6. Nc3 Ne4 7. Qa4+ Nd7 8. Nxe4
fxe4 9. Nd2 d5 10. Bh3 c6 11. e3 Nf6 12. O-O O-O 13. Qd1 Qe8 14. a3 Qg6 15. b4
e5 16. Bxc8 Raxc8 17. Bb2 exd4 18. Bxd4 a6 19. Rc1 Bd6 20. Bxf6 Qxf6 21. cxd5
cxd5 22. Rxc8 Rxc8 23. Qb3 Qe5 24. Nb1 Rc4 25. Rd1 Kf7 26. Qa4 Ke7 27. Qa5 Bc7
28. Qa4 Bd6 29. Qb3 b5 30. Qa2 Qh5 31. Qd2 Ke6 32. Rc1 Be5 33. Re1 Bf6 34. Qa2
Qe8 35. Nd2 Bc3 36. Rd1 Bxd2 37. Qxd2 Qh5 38. h3 Qe5 39. Kg2 Rc3 40. Rc1 Rc4
41. Rd1 Rc3 42. Qe2 Rxa3 43. Rd4 Rd3 44. Rxd3 exd3 45. Qxd3 Qe4+ 46. Qxe4+ dxe4
47. f4 Kd5 48. g4 Kc4 49. h4 Kxb4 50. f5 Kc5 51. g5 Kd6 52. h5 Ke7 0-1

[Event "Thüringenliga 2014/2015"]
[Site "?"]
[Date "2015.03.22"]
[Round "8"]
[White "Vater, Rainer"]
[Black "Rauch, Arwid"]
[Result "1-0"]
[WhiteElo "1809"]
[BlackElo "1079"]
[PlyCount "89"]
[EventDate "2015.??.??"]
[WhiteTeam "SV Jenapharm Jena"]
[BlackTeam "Ilmenauer SV"]

1. e4 e5 2. Nf3 Nc6 3. Nc3 Nf6 4. d4 Bb4 5. d5 Nxe4 6. Qd3 Nc5 7. Qe3 Ne7 8.
Qxe5 O-O 9. Be3 d6 10. Qd4 Bxc3+ 11. bxc3 Nf5 12. Qf4 Re8 13. Bd3 Qf6 14. Kd2
Nxd3 15. cxd3 Bd7 16. g4 Nxe3 17. Qxf6 gxf6 18. fxe3 c6 19. c4 b5 20. cxb5 cxd5
21. Nd4 Rac8 22. Rhf1 Kg7 23. Rf4 Rb8 24. a4 Re5 25. Raf1 Rf8 26. Rxf6 Bxg4 27.
Rxd6 Bh5 28. Nf5+ Kh8 29. d4 Re6 30. Rxd5 Bg6 31. Rd7 a6 32. Nd6 f5 33. b6 Be8
34. Nxe8 Rfxe8 35. b7 Rxe3 36. Rxf5 Re2+ 37. Kd3 Rxh2 38. Rc5 Rh3+ 39. Kc4 Rh1
40. Kb4 Rb1+ 41. Ka5 Rbe1 42. Rc8 Rg8 43. b8=Q Reg1 44. Qe5+ R1g7 45. Qxg7# 1-0

[Event "Thüringenliga 2014/2015"]
[Site "?"]
[Date "2015.03.22"]
[Round "8"]
[White "Hoffmann, Tim"]
[Black "Wehner, Janis"]
[Result "1/2-1/2"]
[WhiteElo "2041"]
[BlackElo "2139"]
[PlyCount "58"]
[EventDate "2015.??.??"]
[WhiteTeam "ESV Gera"]
[BlackTeam "SV Medizin Erfurt"]

1. e4 c5 2. Nf3 Nc6 3. d4 cxd4 4. Nxd4 Nf6 5. Nc3 e5 6. Ndb5 d6 7. Bg5 a6 8.
Na3 b5 9. Nd5 Be7 10. Bxf6 Bxf6 11. c3 Bg5 12. Nc2 O-O 13. a4 bxa4 14. Rxa4 a5
15. Bc4 Rb8 16. b3 g6 17. O-O Kh8 18. Ra2 Bh6 19. Kh1 Be6 20. Nce3 f5 21. exf5
gxf5 22. f4 Bxd5 23. Nxd5 Bxf4 24. Nxf4 exf4 25. Rxf4 Qf6 26. Raf2 Qxc3 27.
Qxd6 Rf6 28. Qc7 Qe5 29. Qxe5 Nxe5 1/2-1/2

[Event "Thüringenliga 2014/2015"]
[Site "?"]
[Date "2015.03.22"]
[Round "8"]
[White "Holzschuh, Stephan"]
[Black "Puschendorf, Steffen"]
[Result "0-1"]
[WhiteElo "2220"]
[BlackElo "2061"]
[PlyCount "100"]
[EventDate "2015.??.??"]
[WhiteTeam "SV Medizin Erfurt"]
[BlackTeam "ESV Gera"]

1. e4 e6 2. d3 d5 3. Nd2 Nf6 4. Ngf3 c5 5. g3 g6 6. Bg2 Bg7 7. O-O O-O 8. Re1
Nc6 9. c3 a5 10. Qa4 Qc7 11. Nf1 Bd7 12. Qc2 Rac8 13. Be3 b6 14. Rad1 a4 15. h3
a3 16. b3 e5 17. Bc1 Qa7 18. exd5 Nxd5 19. Ng5 Nce7 20. Ne3 Bc6 21. Nxd5 Nxd5
22. c4 Nb4 23. Qe2 Rfe8 24. Bxc6 Nxc6 25. Nf3 Qa8 26. Qe4 Rcd8 27. Qe2 f5 28.
Bg5 Rc8 29. Be3 e4 30. dxe4 fxe4 31. Nh2 Bc3 32. Ng4 Bg7 33. Rd7 Nd4 34. Bxd4
cxd4 35. Qd2 Rcd8 36. Rc7 e3 37. fxe3 Qb8 38. Rxg7+ Kxg7 39. Kh2 Qd6 40. exd4
Rxe1 41. Qxe1 h5 42. Nf2 h4 43. Ne4 Qxd4 44. Nf2 Rf8 45. Kg2 hxg3 46. Ng4 Qf4
47. Qe2 Rf7 48. Qd3 Re7 49. Qd1 Qe4+ 50. Kxg3 Qe1+ 0-1

[Event "Thüringenliga 2014/2015"]
[Site "?"]
[Date "2015.03.22"]
[Round "8"]
[White "Gläßl, Matthias"]
[Black "Nguyen, Huy Dat"]
[Result "0-1"]
[WhiteElo "2021"]
[BlackElo "1963"]
[PlyCount "104"]
[EventDate "2015.??.??"]
[WhiteTeam "ESV Gera"]
[BlackTeam "SV Medizin Erfurt"]

1. e4 c5 2. Nc3 Nc6 3. g3 g6 4. Bg2 Bg7 5. d3 d6 6. Nh3 Nf6 7. O-O Nd4 8. Nf4
O-O 9. Ncd5 e6 10. Nxf6+ Bxf6 11. c3 Nc6 12. Be3 Bg7 13. Qd2 Rb8 14. d4 b6 15.
Rfd1 Ba6 16. d5 exd5 17. Qxd5 Ne5 18. b3 Ng4 19. Bd2 Nf6 20. Qc6 Bb7 21. Qa4
Bxe4 22. Bxe4 b5 23. Qxa7 Nxe4 24. Nd5 Re8 25. Bf4 g5 26. Be3 b4 27. cxb4 Bxa1
28. Rxa1 Re5 29. Rd1 cxb4 30. f4 gxf4 31. Bxf4 Ra8 32. Qd4 Rxd5 33. Qxd5 Nc3
34. Qh5 Nxd1 35. Qg4+ Kh8 36. Qxd1 Qb6+ 37. Kg2 Rxa2+ 38. Kh3 Qc5 39. Bxd6 Qc8+
40. g4 Qc3+ 41. Bg3 Rd2 42. Qe1 Rd5 43. Qe4 Rc5 44. Kh4 Qf6+ 45. Kh3 Qh6+ 46.
Kg2 Qc6 47. Be5+ Kg8 48. Kf3 f6 49. Bd4 Rc1 50. Qxc6 Rxc6 51. Ke4 Kf7 52. Kd5
Rc3 0-1

[Event "Thüringenliga 2014/2015"]
[Site "?"]
[Date "2015.03.22"]
[Round "8"]
[White "Kirschbaum, Gunnar"]
[Black "Schmidt, Frank"]
[Result "1-0"]
[WhiteElo "2133"]
[BlackElo "1937"]
[PlyCount "55"]
[EventDate "2015.??.??"]
[WhiteTeam "SV Medizin Erfurt"]
[BlackTeam "ESV Gera"]

1. d4 Nf6 2. c4 g6 3. Nc3 Bg7 4. e4 d6 5. f4 O-O 6. Nf3 c5 7. d5 e6 8. Be2 exd5
9. cxd5 b5 10. e5 dxe5 11. fxe5 Ng4 12. Bg5 Qb6 13. O-O Nxe5 14. Nxe5 Bxe5 15.
Be7 Re8 16. d6 Bd4+ 17. Kh1 Bb7 18. Bxb5 Nc6 19. Qb3 Ne5 20. Bxe8 Rxe8 21. Nd5
Qxb3 22. Nf6+ Kh8 23. axb3 Ra8 24. Rad1 a5 25. Rfe1 Nc6 26. Nd5 Nxe7 27. dxe7
Bc6 28. Nc7 1-0

[Event "Thüringenliga 2014/2015"]
[Site "?"]
[Date "2015.03.22"]
[Round "8"]
[White "Hilbig, Dieter"]
[Black "Reichel, Norbert"]
[Result "0-1"]
[WhiteElo "1936"]
[BlackElo "2037"]
[PlyCount "80"]
[EventDate "2015.??.??"]
[WhiteTeam "ESV Gera"]
[BlackTeam "SV Medizin Erfurt"]

1. e4 c5 2. Nc3 Nc6 3. f4 g6 4. Nf3 Bg7 5. Bb5 Nd4 6. O-O Nxb5 7. Nxb5 d5 8.
exd5 Nf6 9. c4 a6 10. Nc3 b5 11. d3 O-O 12. a4 bxc4 13. dxc4 Qb6 14. a5 Qd6 15.
Qe2 e6 16. Rd1 Re8 17. Qf2 Bb7 18. dxe6 Qxe6 19. Qxc5 Bxf3 20. gxf3 Rac8 21.
Qd6 Qxc4 22. Ra4 Qb3 23. Rb4 Qc2 24. Rbd4 Re6 25. Qb4 Bf8 26. Qa4 Qf5 27. Rd8
Rxd8 28. Rxd8 Re1+ 29. Kg2 Rxc1 30. Qb4 Rc2+ 31. Kg1 Nd7 32. Qe7 Qc5+ 33. Qxc5
Nxc5 34. Rb8 Nd3 35. Na4 Kg7 36. Rb6 Nb4 37. Rb7 Nd5 38. b3 Bb4 39. Ra7 Nc7 40.
Nb6 Bxa5 0-1

[Event "Thüringenliga 2014/2015"]
[Site "?"]
[Date "2015.03.22"]
[Round "8"]
[White "Müller-Ludwig, Kristin"]
[Black "Senf, Paul"]
[Result "1-0"]
[WhiteElo "1992"]
[BlackElo "1673"]
[PlyCount "80"]
[EventDate "2015.??.??"]
[WhiteTeam "SV Medizin Erfurt"]
[BlackTeam "ESV Gera"]

1. e4 c6 2. d4 d5 3. Nc3 dxe4 4. Nxe4 Bf5 5. Ng3 Bg6 6. Nf3 Nd7 7. h4 h6 8. h5
Bh7 9. Bd3 Bxd3 10. Qxd3 Ngf6 11. Bd2 e6 12. Qe2 Be7 13. O-O-O Qc7 14. Ne5 Nxe5
15. dxe5 Nd7 16. f4 O-O-O 17. Kb1 Qb6 18. Ne4 Nc5 19. Be3 Qb4 20. Bxc5 Bxc5 21.
c3 Qb6 22. Rxd8+ Rxd8 23. Rd1 Be7 24. Rxd8+ Qxd8 25. Qd2 Qxd2 26. Nxd2 f5 27.
Kc2 Kc7 28. Kd3 c5 29. a4 a6 30. c4 Kc6 31. Nf1 b5 32. axb5+ axb5 33. b3 Kb6
34. Ne3 Ka5 35. g4 fxg4 36. Nxg4 Kb4 37. Ne3 bxc4+ 38. bxc4 Bh4 39. f5 exf5 40.
Nxf5 Bf2 1-0